000
00322nam a2200145Ia 4500
100
_a
Boyet/Howard
490
_v
1
942
_c
BK
654
_a
computer
245
_a
The 8085 microprocessor:fundamentals
260
_b
MIT Publications
_a
U.S.A
_c
1982
082
_a
621.381952
_b
BOY
300
_a
420
546
_a
ENGLISH
999
_c
35010
_d
35010